000 01017nam a2200301 i 4500
001 768714001
003 CO-MdFUSB
005 20220714163627.0
007 ta
008 220519t1982 sp |||| |||| 00| 0 spa d
020 _a8472282112
040 _aCO-MdFUSB
_bspa
_cCO-MdFUSB
_dCO-MdFUSBC
_erda
041 _aspa
082 _223
_a223.1
_bM385
100 _aMartínez, José María,
_eautor
245 _aJob, la fe en conflicto :
_bcomentario y reflexiones sobre el libro de Job
_c/ José M. Martínez
264 1 _aEspaña :
_bClie,
_c[1982]
264 4 _c© 1982
300 _a266 páginas
_c; 20 cm
336 _2rdacontent
_atexto
_btxt
337 _2rdamedia
_asin mediación
_bn
338 _2rdacarrier
_avolumen
_bnc
505 _aPrimer ciclo de discursos (capítulos 3:1-14:22). -- Segundo ciclo de discursos (capítulos 15-21). -- Tercer ciclo de discursos (capítulos 22-31).
563 _aRústico
630 0 7 _aBiblia.
_pJob
_xCrítica, interpretación, etc.
942 _cBK
945 _aJTF-925
999 _c67887
_d67887